000 00894nom a2200229 i 4500
999 _c169133
_d169133
001 2-00343195
003 PPAK
005 20180819145015.0
008 170827s -hka|||| ||||| | eng d
040 _aPPAK
_beng
_cPPAK
_erda
082 _223
_a967.9153
090 _a967.9153
_bSTE
_dRK
245 0 0 _aStegosaurus skeleton fossil
264 1 _aHong Kong, China:
_bDino Horizons of COG Ltd,
_c[date of publication not identified]
300 _bcolours
_c19 X 25 X 5cm
336 _2three-dimensional form
_atext
_astill image
337 _2unmediated
338 _2object
_avolume
500 _aWarning : Possible choking hazard to small parts, not suittable for children under 3 years old. Please keep packaging for future reference.
650 1 0 _aStegosaurus, Fossil - Juvenile literature. ; Dinosaur, Skeleton - Juvenile literature. ; Dinosaur - Juvenile literature.
942 _2ddc
_c3D